000 00738nam a2200289Ia 4500
005 20260324112802.0
008 008 260324s9999 xx 000 0 eng d
020 _a9781032726748
037 _aEBOOK
040 _aCRL
040 _beng
040 _cCRL
041 _2eng
041 _aeng
084 _qCRL
100 _aGiuseppe Ioppolo; Cristina Ciliberto; Katarzyna Szopik-DepczyƄska
_91144130
245 0 _aTotal Quality Management and Lean Thinking 5.0
245 0 _bTheories and Methods
260 _bTaylor and Francis
260 _c2024
365 _a
365 _b220
856 _uhttp://www.taylorfrancis.com/books/9781032726748
942 _cEBOOK
999 _c1733479
_d1733479